| 000 | 00615nam a2200193 u 4500 | ||
|---|---|---|---|
| 005 | 20220916063607.0 | ||
| 008 | 140922s2011 r 000 0 eng d | ||
| 020 | _a9788496646698 | ||
| 035 | _aUPN01000199692 | ||
| 049 | _aI | ||
| 050 | 4 |
_aPZ75 _bM5.2 |
|
| 100 | 1 |
_aMichl, Reinhard, _d1948- _936856 |
|
| 245 | 1 | 0 |
_aA veces me gustaria ser Max / _cReinhard Michl ; tr. de Eduardo Martínez. |
| 260 |
_aCastilla, Esp. : _bLóguez, _c2011. |
||
| 300 |
_a[23] p. : _bprincipalmente il. col. |
||
| 650 | 7 |
_aLibros ilustrados para niños _2 _921365 |
|
| 650 | 4 |
_aGATOS - _vLITERATURA INFANTIL _910191 |
|
| 905 | _aInfantil | ||
| 999 |
_c171793 _d171793 |
||